00485nam a2200169 a 4500008004100000020002200041100002100063245004800084260003100132300002600163504004100189500002000230650003800250003000100288005001700289040000900306  a0471427896 (hbk.)1 aIngram, James C.10aInternational economics /cJames C. Ingram. aNew York :bWiley,cc1983. axiv, 422 p. ;c25 cm. aIncludes bibliographical references. aIncludes index. 0aInternational economic relations.20230123133228.0 cNUST